Grammatical construccion de los hymnos eclesiasticos, dividida en siete libros, por el orden del Breviario Romano. Explicacion y medida de sus versos / corregida, y enmendada por D. Manuel Joseph de la Ribas, preceptor de latinidad en la ciudad de Mexico

Detalles Bibliográficos
Autor principal: Ribas, Manuel José de la
Formato: Libro
Publicado: en Madrid : en la imprenta de Andrés Ramirez, 1776.
Edición:Reimpresa en dicha ciudad con licencia de los superiores. Año de 1741. Segunda vez corregida, y reimpresa por Fr. Joseph de la Calzada, Lector de Sagrada Theología, religioso descalzo de N. P. S. Francisco
Materias:
Colección:Banco de datos
Acervo:Monasterio de Santa Catalina de Siena de la Orden de Santo Domingo de Morelia. Michoacán
Descripción Física:[2] h., 244 p., [4] h. ; 8°
Tema general:Liturgia
Notas:Portada con pleca en grabado xilográfico. Encuadernación en papel sobre cartón y lomo en piel. Ex libris manuscrito en el verso de la tapa: "Por Ma. de Jesus y del Smo. Sacramento con licencia de mi prelada". Ex libris en la portada: "D. E." Anotaciones manuscritas en la página 143. Sello en tinta de las Dominicas de Santa Catalina de Morelia. Daños por hongos
LEADER 01414nam a22001810004500
035 |a 207 
041 0 |a spa ; lat 
100 1 |a Ribas, Manuel José de la 
245 1 0 |a Grammatical construccion de los hymnos eclesiasticos, dividida en siete libros, por el orden del Breviario Romano. Explicacion y medida de sus versos / corregida, y enmendada por D. Manuel Joseph de la Ribas, preceptor de latinidad en la ciudad de Mexico 
250 |a Reimpresa en dicha ciudad con licencia de los superiores. Año de 1741. Segunda vez corregida, y reimpresa por Fr. Joseph de la Calzada, Lector de Sagrada Theología, religioso descalzo de N. P. S. Francisco 
260 |a en Madrid : en la imprenta de Andrés Ramirez, 1776. 
300 |a [2] h., 244 p., [4] h. ; 8° 
500 |a Portada con pleca en grabado xilográfico. Encuadernación en papel sobre cartón y lomo en piel. Ex libris manuscrito en el verso de la tapa: "Por Ma. de Jesus y del Smo. Sacramento con licencia de mi prelada". Ex libris en la portada: "D. E." Anotaciones manuscritas en la página 143. Sello en tinta de las Dominicas de Santa Catalina de Morelia. Daños por hongos 
650 1 0 |a Liturgia 
949 |a Monasterio de Santa Catalina de Siena y Santa Ana del Convento de Dominicas de Morelia, Michoacán: 271 
942 |c DOMMOR 
943 |g Monasterio de Santa Catalina de Siena de la Orden de Santo Domingo de Morelia. Michoacán 
999 |c 1104263  |d 1104263